Bài học thương trường từ Sam Walton = What I learned from Sam Walton: how to compete and thrive in a Wal-Mart world = Bí quyết tồn tại và phát triển trước tập đoàn bán lẻ lớn nhất thế giới Wal-Mart

Nội dung sách bao gồm: Chiến lược và chiến thuật giá cả; chiến lược và chiến thuật điều hành; chiến lược và chiến thuật văn hóa; chiến lược và chiến thuật sản phẩm chủ chốt; chiến lược và chciến thuật quản lý chi tiêu; chiến lu...

Full description

Saved in:
Bibliographic Details
Main Author: Bergdahl, Michael
Format: Book
Language:Undetermined
Published: Hà Nội Tri thức 2008
Subjects:
Tags: Add Tag
No Tags, Be the first to tag this record!
Institutions: Trung tâm Học liệu Trường Đại học Cần Thơ
LEADER 01424nam a2200229Ia 4500
001 CTU_139716
008 210402s9999 xx 000 0 und d
020 |c 83000 
082 |a 658.4012 
082 |b B494 
100 |a Bergdahl, Michael 
245 0 |a Bài học thương trường từ Sam Walton = 
245 0 |b What I learned from Sam Walton: how to compete and thrive in a Wal-Mart world = Bí quyết tồn tại và phát triển trước tập đoàn bán lẻ lớn nhất thế giới Wal-Mart 
245 0 |c Michael Bergdahl ; Thu Hương dịch ; Phùng Hà hiệu đính 
260 |a Hà Nội 
260 |b Tri thức 
260 |c 2008 
520 |a Nội dung sách bao gồm: Chiến lược và chiến thuật giá cả; chiến lược và chiến thuật điều hành; chiến lược và chiến thuật văn hóa; chiến lược và chiến thuật sản phẩm chủ chốt; chiến lược và chciến thuật quản lý chi tiêu; chiến lược và chiến thuật sử dụng nhân tài; chiến lược và chiến thuật dịch vụ. 
650 |a Retail trade,Industrial management,Bán lẻ,Quản trị doanh nghiệp 
650 |x Management,Quản trị 
904 |i Tuyến 
980 |a Trung tâm Học liệu Trường Đại học Cần Thơ